Geography Quiz

Random Geography or State Quiz

Texas's Border's Borders Quiz Stats

 Plays Quiz not verified by Sporcle

Challenge
Share
Tweet
Embed
Score 0/7 Timer 03:00
0 Plays Today
State % Correct
???
92.3%
???
92.3%
???
92.3%
???
92.3%
???
88.5%
???
88.5%
???
84.6%

You're not logged in!

Compare scores with friends on all Sporcle quizzes.
OR
Log In

You Might Also Like...

Show Comments

Extras

Created Apr 15, 2017ReportNominate
Tags:Border Quiz, State Quiz, tea

Top Quizzes Today


Score Distribution

Your Account Isn't Verified!

In order to create a playlist on Sporcle, you need to verify the email address you used during registration. Go to your Sporcle Settings to finish the process.

Report this User

Report this user for behavior that violates our Community Guidelines.

Details: